000
00234 a2200097 4500
001
53025
100
_a
Rosenthal D
245
_a
Introduction to Properties of Materials
260
_a
New York
_b
Van Nostrand
_c
090
_c
33343
_d
33343
942
_a
NUST-CAE
_c
M
_c
25940
999
_c
288098
_d
288098